000 00780nam a2200241 i 4500
001 C2-0324415
003 PPAK
005 20180728122759.0
008 131212s2012 xx a|||| ||||| | may d
040 _aPPAK
_beng
_cPPAK
_erda
082 0 4 _a928.99221
_223
090 0 0 _a928.99221
_bSHA
_dKK
100 0 _aShahnon Ahmad (Sasterawan Negara),
_eauthor
245 1 0 _aSekali lagi Amir Hamzah dan selamanya
264 1 _a[place of publication not identified] :
_b[publisher not identified] ,
_c2012
300 _a3 pages :
_billustrations ;
_c30 cm.
336 _2rdacontent
_atext
337 _2rdamedia
_aunmediated
338 _2rdacarrier
_avolume
500 _aDipetik Daripada Dewan Sastera - Januari 2012
650 1 0 _aAuthors, Indonesian - Biography.
942 _ddc
_cB
999 _c124385
_d124385